№ 2; Техническая диагностика и неразрушающий контроль

Bibliographic Details
Parent link:Техническая диагностика и неразрушающий контроль: научно-технический и производственный журнал/ Национальная академия наук Украины (НАНУ), Институт электросварки им. Е. О. Патона (ИЭС) ; Международная ассоциация "Сварка". № 2.— , 1990-1993, 2001-.— 0235-3474
Language:Russian
Published: 2005
Format: Book
KOHA link:https://koha.lib.tpu.ru/cgi-bin/koha/opac-detail.pl?biblionumber=397939

MARC

LEADER 00000nam2a2200000 4500
001 397939
005 20231101064951.0
035 |a (RuTPU)RU\TPU\prd\37517 
090 |a 397939 
100 |a 20050825a19899999km y0rusy50 ca 
101 0 |a rus 
102 |a un 
200 0 |a № 2 
210 |d 2005 
461 1 |0 (RuTPU)RU\TPU\prd\1736  |x 0235-3474  |t Техническая диагностика и неразрушающий контроль  |o научно-технический и производственный журнал  |f Национальная академия наук Украины (НАНУ), Институт электросварки им. Е. О. Патона (ИЭС) ; Международная ассоциация "Сварка"  |v № 2  |d 1990-1993, 2001- 
801 0 |a RU  |b 63413507  |c 20010227  |g PSBO 
801 1 |a RU  |b 63413507  |c 20050825  |g PSBO 
801 2 |a RU  |b 63413507  |c 20201201  |g RCR 
942 |c BK 
999 |a НТБ_ТПУ  |b НФ  |e -1/20050104  |p П-5660  |s 10/20040924  |u 0,00  |v 1